Normal view
MARC view
Entry Personal Name
001 - CONTROL NUMBER
- control field: 950
003 - CONTROL NUMBER IDENTIFIER
- control field: dpl
005 - DATE AND TIME OF LATEST TRANSACTION
- control field: 20100723122411.0
008 - FIXED-LENGTH DATA ELEMENTS
- fixed length control field: 100723|||a|||||| | ||| d
040 ## - CATALOGING SOURCE
- Original cataloging agency: dpl
- Transcribing agency: dpl
100 ## - HEADING--PERSONAL NAME
- Personal name: श्रीवास्तव, सुरेश चन्द्र
670 ## - SOURCE DATA FOUND
- Source citation: Work cat.: (dpl): श्रीवास्तव, सुरेश चन्द्र, मिसेज एंडर्सन की हिन्दुस्तान वापसी /, 2009
670 ## - SOURCE DATA FOUND
- Source citation: Work cat.: (dpl): श्रीवास्तव, सुरेश चन्द्र, मिसेज एंडर्सन की हिन्दुस्तान वापसी /, 2009
